000
00352nam a22001577a 4500
020
_a
978-9327225525
041
_a
ENG
100
_a
Saha A.K
245
_a
Text book of Soil Physics
250
_a
2 Edition
260
_a
New Delhi
_b
Kalyani Publishers
_c
2016
300
_a
523
650
_a
Soil Scince
700
_a
Anuradha Saha
856
_u
SWCE
999
_c
13
_d
13